| 000 | 00796nas a2200265 4500 | ||
|---|---|---|---|
| 001 | BR9213860 | ||
| 003 | BR-BrBNA | ||
| 005 | 20231205095134.0 | ||
| 007 | ta | ||
| 008 | 230509b bl.|||p| |||| 00| 00por d | ||
| 040 |
_aBR-BrBNA _bpor _cBiblioteca Nacional de Agricultura |
||
| 041 | _a(Pt) | ||
| 072 | _aH01 | ||
| 100 | 1 | _aMoreti, A.C. de C.C. | |
| 100 | 1 | _aMarchini, L.C. | |
| 100 | 1 | _aNakano, O. | |
| 245 | 1 | _aEfeito repelente de piretroides sobre abelhas, em cultura de girassol (Helianthus annuus) | |
| 650 | _aAbelha | ||
| 650 | _aRepelente | ||
| 650 | _aGirassol | ||
| 650 | _aInseticida | ||
| 773 | 0 |
_tBoletim de Industria Animal (Brazil) _xISSN 0067-9615 _g(Jan-Jun 1988), v. 45(1) p. 157-163 _wBR9213860 |
|
| 909 |
_a202311 _bLúcia _c55 _dLúcia Elande |
||
| 942 |
_2AGRIS _n0 _cANA |
||
| 999 |
_c148859 _d148859 |
||